| 000 | 00518nam a22001697a 4500 | ||
|---|---|---|---|
| 003 | BD-DhUL | ||
| 005 | 20190212153559.0 | ||
| 008 | 190212s1956 pk ||||| |||| 000 0 urd d | ||
| 040 |
_aBD-DhUL _cBD-DhUL |
||
| 082 |
_a891.43309 _bWAH |
||
| 100 | 3 | _aسید وقار عظیم۔ | |
| 245 | 0 |
_aھماری داستانیں / _cسید وقار عظیم۔ |
|
| 260 |
_aلاہور : _bادارۂ فروغ اردو، _c۱۹۵۶۔ |
||
| 300 |
_aص۔ ۴۵۶ ؛ _c۱۸ سم۔ |
||
| 650 | 4 | _aUrdu literature. | |
| 942 |
_2ddc _cBK |
||
| 999 |
_c246183 _d246183 |
||